[Event "DVM U10 2020"]
[Site "Magdeburg GER"]
[Date "2021.08.06"]
[Round "2"]
[White "Shen, Tingrui"]
[Black "Blumenthal Tuset, Sebastian"]
[Result "1-0"]
[Termination "normal"]
[Board "3.1"]
[WhiteElo "1561"]
[BlackElo "1187"]
[WhiteClock "00:21:16"]
[BlackClock "00:00:33"]
[WhiteTeam "TV Tegernsee"]
[BlackTeam "SK Gräfelfing"]
[PlyCount "79"]
[WhiteFideId "34603441"]
[BlackFideId "34604286"]
[EventCountry "GER"]
[EventRounds "7"]
[EventType "team-swiss"]
[EventDate "2021.08.06"]

1. e4 {[%clk 00:55:05]} {[%emt 00:00:04]} e5 {[%clk 00:55:00]} {[%emt
00:00:11]} 2. Nf3 {[%clk 00:54:55]} {[%emt 00:00:13]} Nc6 {[%clk 00:55:00]}
{[%emt 00:00:06]} 3. Bc4 {[%clk 00:54:53]} {[%emt 00:00:07]} Bc5 {[%clk
00:54:59]} {[%emt 00:00:06]} 4. c3 {[%clk 00:54:48]} {[%emt 00:00:09]} Nf6
{[%clk 00:54:31]} {[%emt 00:00:35]} 5. d4 {[%clk 00:54:39]} {[%emt 00:00:13]}
exd4 {[%clk 00:54:12]} {[%emt 00:00:24]} 6. e5 {[%clk 00:54:15]} {[%emt
00:00:28]} d5 {[%clk 00:53:39]} {[%emt 00:00:39]} 7. Be2 {[%clk 00:54:04]}
{[%emt 00:00:16]} Ne4 {[%clk 00:53:01]} {[%emt 00:00:44]} 8. cxd4 {[%clk
00:53:54]} {[%emt 00:00:14]} Bb4+ {[%clk 00:52:39]} {[%emt 00:00:27]} 9. Nbd2
{[%clk 00:53:37]} {[%emt 00:00:22]} O-O {[%clk 00:49:59]} {[%emt 00:02:46]} 10.
a3 {[%clk 00:53:19]} {[%emt 00:00:22]} Bxd2+ {[%clk 00:48:49]} {[%emt
00:01:16]} 11. Bxd2 {[%clk 00:53:03]} {[%emt 00:00:19]} Be6 {[%clk 00:45:45]}
{[%emt 00:03:10]} 12. O-O {[%clk 00:52:13]} {[%emt 00:00:55]} f6 {[%clk
00:44:35]} {[%emt 00:01:15]} 13. exf6 {[%clk 00:51:25]} {[%emt 00:00:53]} Qxf6
{[%clk 00:44:25]} {[%emt 00:00:15]} 14. Be3 {[%emt 00:03:21]} Rae8 {[%clk
00:42:41]} 15. Rc1 {[%clk 00:47:58]} {[%emt 00:02:05]} a6 {[%clk 00:40:56]}
{[%emt 00:01:51]} 16. Bxa6 {[%clk 00:47:30]} {[%emt 00:00:33]} Bc8 {[%clk
00:33:36]} {[%emt 00:07:24]} 17. Bb5 {[%clk 00:46:19]} {[%emt 00:01:16]} Bg4
{[%clk 00:31:21]} {[%emt 00:02:21]} 18. Be2 {[%clk 00:45:24]} {[%emt 00:00:59]}
Rf7 {[%clk 00:28:43]} {[%emt 00:02:44]} 19. h3 {[%clk 00:43:06]} {[%emt
00:02:22]} Bh5 {[%clk 00:26:15]} {[%emt 00:02:33]} 20. Qb3 {[%clk 00:40:10]}
{[%emt 00:03:01]} Qe6 {[%clk 00:19:41]} {[%emt 00:06:39]} 21. Kh2 {[%clk
00:36:51]} {[%emt 00:03:24]} Qd6+ {[%clk 00:18:20]} {[%emt 00:01:27]} 22. Kh1
{[%clk 00:35:47]} {[%emt 00:01:09]} Rfe7 {[%clk 00:11:19]} {[%emt 00:07:06]}
23. g4 {[%clk 00:31:44]} {[%emt 00:04:07]} Ng3+ {[%clk 00:10:02]} {[%emt
00:01:23]} 24. Kg2 {[%clk 00:29:30]} {[%emt 00:02:19]} Nxe2 {[%clk 00:09:08]}
{[%emt 00:00:59]} 25. gxh5 {[%clk 00:29:07]} {[%emt 00:00:28]} Nxc1 {[%clk
00:08:44]} {[%emt 00:00:29]} 26. Rxc1 {[%clk 00:28:37]} {[%emt 00:00:34]} Na5
{[%clk 00:08:09]} {[%emt 00:00:40]} 27. Qb5 {[%clk 00:26:30]} {[%emt 00:02:12]}
b6 {[%clk 00:07:05]} {[%emt 00:01:08]} 28. Ne5 {[%clk 00:25:24]} {[%emt
00:01:12]} Rf8 {[%clk 00:04:36]} {[%emt 00:02:35]} 29. Bg5 {[%clk 00:23:48]}
{[%emt 00:01:40]} Re6 {[%clk 00:04:05]} {[%emt 00:00:36]} 30. b4 {[%clk
00:23:30]} {[%emt 00:00:23]} Nb3 {[%clk 00:04:02]} {[%emt 00:00:09]} 31. Rc6
{[%clk 00:23:07]} {[%emt 00:00:28]} Nxd4 {[%clk 00:00:53]} 32. Rxd6 {[%clk
00:22:53]} {[%emt 00:03:32]} Nxb5 {[%emt 00:00:11]} 33. Rxe6 {[%clk 00:22:45]}
{[%emt 00:00:10]} Nd4 {[%clk 00:00:48]} {[%emt 00:00:08]} 34. Re7 {[%clk
00:22:35]} {[%emt 00:00:14]} Nf5 {[%clk 00:00:46]} {[%emt 00:00:08]} 35. Rxc7
{[%clk 00:22:30]} {[%emt 00:00:10]} h6 {[%clk 00:00:46]} {[%emt 00:00:06]} 36.
Bd2 {[%clk 00:22:13]} {[%emt 00:00:19]} Nh4+ {[%clk 00:00:50]} {[%emt
00:00:03]} 37. Kf1 {[%clk 00:21:45]} {[%emt 00:00:33]} Nf5 {[%clk 00:00:37]}
{[%emt 00:00:18]} 38. Ng6 {[%clk 00:21:34]} {[%emt 00:00:15]} Rf6 {[%clk
00:00:33]} {[%emt 00:00:10]} 39. Rc8+ {[%clk 00:21:23]} {[%emt 00:00:16]} Kh7
{[%emt 00:00:02]} 40. Rh8# {[%clk 00:21:16]} {[%emt 00:00:11]} 1-0

[Event "DVM U10 2020"]
[Site "Magdeburg GER"]
[Date "2021.08.06"]
[Round "2"]
[White "Barsov, Vladislav"]
[Black "Franzky, Julian"]
[Result "0-1"]
[Termination "normal"]
[Board "3.2"]
[WhiteElo "1083"]
[BlackElo "1266"]
[WhiteClock "00:14:00"]
[BlackClock "00:04:37"]
[WhiteTeam "SK Gräfelfing"]
[BlackTeam "TV Tegernsee"]
[PlyCount "120"]
[WhiteFideId "34613757"]
[BlackFideId "16291603"]
[EventCountry "GER"]
[EventRounds "7"]
[EventType "team-swiss"]
[EventDate "2021.08.06"]

1. e4 {[%emt 00:00:01]} e5 2. Nf3 {[%clk 00:54:55]} {[%emt 00:00:12]} Nc6
{[%clk 00:55:07]} {[%emt 00:00:04]} 3. d4 {[%clk 00:54:54]} {[%emt 00:00:07]}
exd4 {[%clk 00:55:06]} {[%emt 00:00:06]} 4. Bc4 {[%clk 00:54:43]} {[%emt
00:00:15]} Nf6 {[%clk 00:54:59]} {[%emt 00:00:12]} 5. e5 {[%emt 00:00:11]} d5
{[%emt 00:00:13]} 6. Bb5 {[%clk 00:53:49]} {[%emt 00:00:10]} Ne4 {[%clk
00:54:40]} {[%emt 00:00:50]} 7. O-O {[%clk 00:53:37]} {[%emt 00:00:16]} Bc5
{[%clk 00:52:58]} {[%emt 00:01:47]} 8. Bf4 {[%clk 00:52:46]} {[%emt 00:00:55]}
Bd7 {[%clk 00:51:15]} {[%emt 00:01:49]} 9. Nbd2 {[%clk 00:51:35]} {[%emt
00:01:16]} O-O {[%clk 00:46:23]} {[%emt 00:04:57]} 10. Bxc6 {[%clk 00:47:46]}
{[%emt 00:02:08]} Bxc6 {[%clk 00:44:47]} {[%emt 00:03:27]} 11. Nb3 {[%clk
00:47:07]} {[%emt 00:00:42]} Bb6 {[%clk 00:41:05]} {[%emt 00:03:50]} 12. Nbxd4
{[%clk 00:45:39]} {[%emt 00:01:32]} Bd7 {[%clk 00:39:26]} {[%emt 00:01:43]} 13.
Re1 {[%clk 00:42:50]} {[%emt 00:02:54]} Qe7 {[%clk 00:34:27]} {[%emt 00:05:04]}
14. c4 {[%clk 00:41:01]} {[%emt 00:01:55]} c6 {[%clk 00:31:28]} {[%emt
00:02:07]} 15. a3 {[%clk 00:40:25]} {[%emt 00:01:38]} Nc5 {[%clk 00:29:40]}
{[%emt 00:01:54]} 16. b4 {[%clk 00:38:53]} {[%emt 00:01:36]} Ne6 {[%clk
00:28:46]} {[%emt 00:00:59]} 17. Nxe6 {[%clk 00:35:57]} {[%emt 00:03:01]} fxe6
{[%clk 00:27:27]} {[%emt 00:01:23]} 18. Bg5 {[%clk 00:34:26]} {[%emt 00:01:36]}
Qf7 {[%clk 00:25:22]} {[%emt 00:02:11]} 19. c5 {[%clk 00:33:14]} {[%emt
00:01:17]} Bd8 {[%clk 00:25:14]} {[%emt 00:00:13]} 20. Bxd8 {[%clk 00:32:45]}
{[%emt 00:00:34]} Raxd8 {[%clk 00:24:26]} {[%emt 00:00:53]} 21. Qc2 {[%clk
00:31:11]} {[%emt 00:01:38]} Qf5 {[%clk 00:19:57]} {[%emt 00:04:35]} 22. Qxf5
{[%clk 00:29:40]} {[%emt 00:01:35]} Rxf5 {[%clk 00:19:08]} {[%emt 00:00:55]}
23. Rab1 {[%clk 00:28:31]} {[%emt 00:01:15]} Rdf8 {[%clk 00:18:10]} {[%emt
00:01:02]} 24. a4 {[%clk 00:27:13]} {[%emt 00:01:23]} a6 {[%clk 00:17:13]}
{[%emt 00:01:02]} 25. Re2 {[%clk 00:25:52]} {[%emt 00:01:17]} Rf4 {[%clk
00:14:44]} {[%emt 00:02:44]} 26. g3 {[%clk 00:24:16]} {[%emt 00:01:39]} Rxf3
{[%clk 00:14:05]} {[%emt 00:00:44]} 27. Kg2 {[%clk 00:24:01]} {[%emt 00:00:20]}
Ra3 {[%clk 00:13:30]} {[%emt 00:00:41]} 28. a5 {[%clk 00:23:44]} {[%emt
00:00:21]} Rff3 {[%clk 00:13:04]} {[%emt 00:00:32]} 29. Rbe1 {[%clk 00:22:24]}
{[%emt 00:01:24]} Rfb3 {[%clk 00:12:39]} {[%emt 00:00:31]} 30. Rd2 {[%clk
00:21:44]} {[%emt 00:00:43]} Rxb4 {[%clk 00:12:07]} {[%emt 00:00:39]} 31. Re3
{[%clk 00:21:32]} {[%emt 00:00:18]} Rxe3 {[%clk 00:11:26]} {[%emt 00:00:46]}
32. fxe3 {[%clk 00:21:25]} {[%emt 00:00:11]} Rb5 {[%clk 00:11:08]} {[%emt
00:00:23]} 33. e4 {[%clk 00:21:25]} {[%emt 00:00:05]} Rxc5 {[%clk 00:11:09]}
{[%emt 00:00:05]} 34. exd5 {[%clk 00:21:13]} {[%emt 00:00:15]} cxd5 {[%clk
00:11:08]} {[%emt 00:00:07]} 35. Rb2 {[%clk 00:21:07]} {[%emt 00:00:11]} Bb5
{[%clk 00:11:09]} {[%emt 00:00:04]} 36. Kf3 {[%clk 00:20:34]} {[%emt 00:00:37]}
Bc6 {[%clk 00:10:33]} {[%emt 00:00:42]} 37. Ra2 {[%clk 00:20:18]} {[%emt
00:00:20]} Rc4 {[%clk 00:10:02]} {[%emt 00:00:37]} 38. Ke3 {[%clk 00:18:08]}
{[%emt 00:02:15]} Ra4 {[%clk 00:09:33]} {[%emt 00:00:34]} 39. Rxa4 {[%clk
00:17:59]} {[%emt 00:00:14]} Bxa4 {[%clk 00:09:30]} {[%emt 00:00:08]} 40. Kd4
{[%clk 00:18:01]} {[%emt 00:00:03]} Bc6 {[%clk 00:09:12]} {[%emt 00:00:23]} 41.
h4 {[%clk 00:17:19]} {[%emt 00:00:47]} h6 {[%clk 00:07:59]} {[%emt 00:01:18]}
42. g4 {[%clk 00:17:09]} {[%emt 00:00:15]} g5 {[%clk 00:07:38]} {[%emt
00:00:26]} 43. h5 {[%clk 00:17:01]} {[%emt 00:00:13]} Kf7 {[%emt 00:00:05]} 44.
Kd3 {[%emt 00:00:35]} Ke7 {[%clk 00:06:56]} {[%emt 00:00:07]} 45. Kc3 {[%clk
00:16:29]} {[%emt 00:00:36]} Kd7 {[%clk 00:06:54]} {[%emt 00:00:08]} 46. Kd4
{[%clk 00:16:24]} {[%emt 00:00:10]} Ba4 {[%clk 00:06:37]} {[%emt 00:00:21]} 47.
Kc5 {[%clk 00:15:36]} {[%emt 00:00:54]} Kc7 {[%clk 00:06:31]} {[%emt 00:00:10]}
48. Kb4 {[%clk 00:15:25]} {[%emt 00:00:16]} Bd1 {[%clk 00:06:27]} {[%emt
00:00:09]} 49. Kc5 {[%clk 00:15:06]} {[%emt 00:00:24]} Bxg4 {[%clk 00:06:26]}
{[%emt 00:00:07]} 50. Kd4 {[%clk 00:15:04]} {[%emt 00:00:07]} Bxh5 {[%clk
00:06:24]} {[%emt 00:00:06]} 51. Ke3 {[%clk 00:14:54]} {[%emt 00:00:15]} Kc6
{[%clk 00:06:22]} {[%emt 00:00:09]} 52. Kd4 {[%clk 00:14:51]} {[%emt 00:00:08]}
g4 {[%emt 00:00:06]} 53. Ke3 {[%emt 00:00:14]} Kb5 {[%clk 00:05:59]} {[%emt
00:00:07]} 54. Kd4 {[%clk 00:14:49]} {[%emt 00:00:06]} g3 {[%clk 00:05:52]}
{[%emt 00:00:13]} 55. Ke3 {[%clk 00:14:39]} {[%emt 00:00:12]} Kxa5 {[%clk
00:05:51]} {[%emt 00:00:09]} 56. Kf4 {[%clk 00:14:24]} {[%emt 00:00:19]} g2
{[%clk 00:05:12]} {[%emt 00:00:45]} 57. Ke3 {[%clk 00:14:25]} {[%emt 00:00:04]}
g1=Q+ {[%clk 00:05:09]} {[%emt 00:00:08]} 58. Kd3 {[%clk 00:14:22]} {[%emt
00:00:08]} Qe1 {[%clk 00:05:05]} {[%emt 00:00:09]} 59. Kd4 {[%clk 00:14:07]}
{[%emt 00:00:19]} Bg6 {[%clk 00:04:43]} {[%emt 00:00:28]} 60. Kc5 {[%clk
00:14:00]} {[%emt 00:00:12]} Qb4 {[%clk 00:04:37]} {[%emt 00:00:11]} 61. Kd4
{[%emt 00:00:11]} 0-1

[Event "DVM U10 2020"]
[Site "Magdeburg GER"]
[Date "2021.08.06"]
[Round "2"]
[White "Greive, Jakob"]
[Black "Yaroshenko, Vladimir"]
[Result "1-0"]
[Termination "normal"]
[Board "3.3"]
[WhiteElo "1304"]
[BlackElo "1097"]
[WhiteClock "00:23:54"]
[BlackClock "00:38:46"]
[WhiteTeam "TV Tegernsee"]
[BlackTeam "SK Gräfelfing"]
[PlyCount "77"]
[WhiteFideId "34603476"]
[BlackFideId "34695699"]
[EventCountry "GER"]
[EventRounds "7"]
[EventType "team-swiss"]
[EventDate "2021.08.06"]

1. e4 {[%clk 00:55:09]} e5 {[%clk 00:55:01]} {[%emt 00:00:09]} 2. Nf3 {[%clk
00:55:03]} {[%emt 00:00:11]} Nc6 {[%clk 00:54:57]} {[%emt 00:00:10]} 3. Bc4
{[%clk 00:55:00]} {[%emt 00:00:07]} Bc5 {[%clk 00:54:50]} {[%emt 00:00:12]} 4.
Nc3 {[%clk 00:54:38]} {[%emt 00:00:26]} d6 {[%clk 00:54:42]} {[%emt 00:00:14]}
5. h3 {[%clk 00:53:38]} {[%emt 00:01:05]} Nf6 {[%clk 00:54:19]} {[%emt
00:00:28]} 6. d3 {[%clk 00:53:19]} {[%emt 00:00:23]} Be6 {[%clk 00:54:09]}
{[%emt 00:00:17]} 7. Bb3 {[%clk 00:52:43]} {[%emt 00:00:40]} Qe7 {[%clk
00:53:49]} {[%emt 00:00:24]} 8. Bg5 {[%clk 00:51:18]} {[%emt 00:01:31]} h6
{[%clk 00:53:39]} {[%emt 00:00:16]} 9. Bh4 {[%clk 00:50:41]} {[%emt 00:00:41]}
g5 {[%clk 00:53:31]} {[%emt 00:00:14]} 10. Bg3 {[%clk 00:50:14]} {[%emt
00:00:30]} O-O-O {[%clk 00:53:04]} {[%emt 00:00:34]} 11. Qd2 {[%clk 00:49:06]}
{[%emt 00:01:11]} d5 {[%clk 00:52:35]} {[%emt 00:00:35]} 12. exd5 {[%clk
00:45:38]} {[%emt 00:03:33]} Bxd5 {[%clk 00:52:24]} {[%emt 00:00:17]} 13. Nxd5
{[%clk 00:44:43]} {[%emt 00:00:58]} Nxd5 {[%clk 00:52:19]} {[%emt 00:00:11]}
14. Bxd5 {[%clk 00:44:12]} {[%emt 00:00:35]} Rxd5 {[%clk 00:52:07]} {[%emt
00:00:18]} 15. Qe2 {[%clk 00:42:27]} {[%emt 00:01:49]} Re8 {[%clk 00:51:30]}
{[%emt 00:00:44]} 16. O-O-O {[%clk 00:41:48]} {[%emt 00:00:44]} f5 {[%clk
00:50:08]} {[%emt 00:01:27]} 17. Kb1 {[%clk 00:39:33]} {[%emt 00:02:19]} f4
{[%clk 00:49:54]} {[%emt 00:00:20]} 18. Bh2 {[%clk 00:39:16]} {[%emt 00:00:21]}
Bd6 {[%clk 00:48:57]} {[%emt 00:01:03]} 19. g3 {[%clk 00:38:22]} {[%emt
00:00:57]} Rb5 {[%clk 00:48:33]} {[%emt 00:00:29]} 20. d4 {[%clk 00:37:07]}
{[%emt 00:01:21]} a6 {[%clk 00:46:46]} {[%emt 00:01:52]} 21. dxe5 {[%emt
00:01:44]} Bxe5 {[%emt 00:00:48]} 22. Nxe5 {[%clk 00:33:08]} {[%emt 00:01:32]}
Qa3 {[%clk 00:45:24]} {[%emt 00:01:26]} 23. Qxb5 {[%clk 00:32:11]} {[%emt
00:01:01]} axb5 {[%clk 00:44:50]} {[%emt 00:00:41]} 24. bxa3 {[%clk 00:31:50]}
{[%emt 00:00:26]} Rxe5 {[%clk 00:43:52]} {[%emt 00:01:04]} 25. gxf4 {[%clk
00:31:24]} {[%emt 00:00:29]} gxf4 {[%clk 00:43:38]} {[%emt 00:00:21]} 26. Bxf4
{[%emt 00:00:16]} Re6 {[%emt 00:00:42]} 27. Rhe1 {[%clk 00:29:55]} {[%emt
00:00:35]} Rxe1 {[%clk 00:42:12]} {[%emt 00:01:31]} 28. Rxe1 {[%clk 00:29:48]}
{[%emt 00:00:12]} Kd7 {[%clk 00:41:45]} {[%emt 00:00:32]} 29. Bxh6 {[%clk
00:28:50]} {[%emt 00:01:03]} Ne7 {[%clk 00:41:30]} {[%emt 00:00:20]} 30. h4
{[%clk 00:27:45]} {[%emt 00:01:10]} Ng6 {[%clk 00:41:16]} {[%emt 00:00:16]} 31.
h5 {[%clk 00:27:28]} {[%emt 00:00:25]} Nh8 {[%clk 00:40:54]} {[%emt 00:00:27]}
32. Bf8 {[%clk 00:26:54]} {[%emt 00:00:38]} Kc6 {[%clk 00:40:19]} {[%emt
00:00:40]} 33. Re7 {[%clk 00:26:31]} {[%emt 00:00:28]} b6 {[%clk 00:39:59]}
{[%emt 00:00:26]} 34. Rh7 {[%clk 00:26:22]} {[%emt 00:00:13]} Kb7 {[%clk
00:39:43]} {[%emt 00:00:22]} 35. Rxh8 {[%clk 00:26:11]} {[%emt 00:00:15]} Ka6
{[%clk 00:39:38]} {[%emt 00:00:11]} 36. Rh7 {[%clk 00:25:32]} {[%emt 00:00:44]}
c5 {[%clk 00:39:25]} {[%emt 00:00:19]} 37. f4 {[%clk 00:24:48]} {[%emt
00:00:48]} c4 {[%clk 00:39:12]} {[%emt 00:00:19]} 38. c3 {[%clk 00:24:23]}
{[%emt 00:00:27]} Ka5 {[%clk 00:38:46]} {[%emt 00:00:32]} 39. Ra7# {[%clk
00:23:54]} {[%emt 00:00:28]} 1-0

[Event "DVM U10 2020"]
[Site "Magdeburg GER"]
[Date "2021.08.06"]
[Round "2"]
[White "Barsov, Mikhail"]
[Black "Wagner, Cosima"]
[Result "0-1"]
[Termination "normal"]
[Board "3.4"]
[WhiteElo "858"]
[BlackElo "970"]
[WhiteClock "00:16:39"]
[BlackClock "00:14:44"]
[WhiteTeam "SK Gräfelfing"]
[BlackTeam "TV Tegernsee"]
[PlyCount "118"]
[WhiteFideId "34623906"]
[BlackFideId "34603484"]
[EventCountry "GER"]
[EventRounds "7"]
[EventType "team-swiss"]
[EventDate "2021.08.06"]

1. e4 {[%clk 00:55:09]} {[%emt 00:00:01]} c5 {[%clk 00:55:05]} {[%emt
00:00:05]} 2. d4 {[%clk 00:54:56]} {[%emt 00:00:08]} cxd4 {[%clk 00:55:08]}
{[%emt 00:00:11]} 3. c3 {[%clk 00:54:49]} {[%emt 00:00:12]} d3 {[%clk
00:55:05]} {[%emt 00:00:08]} 4. Bxd3 {[%clk 00:54:35]} {[%emt 00:00:11]} g6
{[%clk 00:55:00]} {[%emt 00:00:16]} 5. c4 {[%clk 00:54:23]} {[%emt 00:00:19]}
Bg7 {[%clk 00:54:52]} {[%emt 00:00:13]} 6. Nf3 {[%clk 00:53:52]} {[%emt
00:00:36]} Nf6 {[%clk 00:54:29]} {[%emt 00:00:28]} 7. Nc3 {[%clk 00:53:47]}
{[%emt 00:00:10]} Nc6 {[%clk 00:54:20]} {[%emt 00:00:14]} 8. O-O {[%clk
00:53:36]} {[%emt 00:00:16]} O-O {[%clk 00:54:13]} {[%emt 00:00:13]} 9. Bg5
{[%clk 00:53:16]} {[%emt 00:00:22]} d6 {[%clk 00:54:07]} {[%emt 00:00:14]} 10.
h3 {[%clk 00:52:54]} {[%emt 00:00:25]} Bd7 {[%clk 00:53:48]} {[%emt 00:00:24]}
11. Re1 {[%clk 00:52:15]} {[%emt 00:00:44]} Rc8 {[%clk 00:51:32]} {[%emt
00:02:22]} 12. Rc1 {[%clk 00:51:43]} {[%emt 00:00:35]} Na5 {[%clk 00:48:27]}
{[%emt 00:03:13]} 13. b3 {[%clk 00:50:34]} {[%emt 00:01:14]} Ne8 {[%clk
00:46:34]} {[%emt 00:01:56]} 14. Nd5 {[%clk 00:49:31]} {[%emt 00:01:08]} Nf6
{[%clk 00:45:57]} {[%emt 00:00:43]} 15. Bxf6 {[%clk 00:47:32]} {[%emt
00:02:05]} Bxf6 {[%clk 00:45:21]} {[%emt 00:00:40]} 16. Qe2 {[%clk 00:45:28]}
{[%emt 00:02:04]} Bg7 {[%clk 00:45:01]} {[%emt 00:00:30]} 17. Red1 {[%clk
00:43:59]} {[%emt 00:01:34]} Nc6 {[%clk 00:41:05]} {[%emt 00:04:01]} 18. Qe3
{[%clk 00:42:18]} {[%emt 00:01:43]} b6 {[%clk 00:38:58]} {[%emt 00:02:16]} 19.
a3 {[%clk 00:41:01]} {[%emt 00:01:22]} Bb2 {[%clk 00:36:49]} {[%emt 00:02:12]}
20. Rb1 {[%clk 00:40:36]} {[%emt 00:00:31]} Bxa3 {[%clk 00:36:05]} {[%emt
00:00:50]} 21. b4 {[%clk 00:40:23]} {[%emt 00:00:17]} e6 {[%clk 00:35:37]}
{[%emt 00:00:32]} 22. Bc2 {[%clk 00:37:34]} {[%emt 00:02:55]} exd5 {[%clk
00:35:08]} {[%emt 00:00:34]} 23. Qxa3 {[%clk 00:36:26]} {[%emt 00:00:36]} dxc4
{[%clk 00:34:23]} {[%emt 00:01:27]} 24. Rxd6 {[%clk 00:35:54]} Qc7 {[%clk
00:33:40]} {[%emt 00:01:25]} 25. Rbd1 {[%clk 00:35:21]} {[%emt 00:00:36]} Rcd8
{[%clk 00:32:04]} {[%emt 00:01:43]} 26. Qc3 {[%clk 00:34:31]} {[%emt 00:00:50]}
Be6 {[%clk 00:31:49]} {[%emt 00:00:25]} 27. Rxd8 {[%clk 00:33:41]} {[%emt
00:00:52]} Rxd8 {[%clk 00:31:46]} {[%emt 00:00:11]} 28. b5 {[%clk 00:33:27]}
{[%emt 00:00:20]} Rxd1+ {[%clk 00:30:53]} {[%emt 00:00:57]} 29. Bxd1 {[%clk
00:33:21]} {[%emt 00:00:10]} Nb8 {[%clk 00:30:10]} {[%emt 00:00:49]} 30. Ng5
{[%clk 00:32:42]} {[%emt 00:00:43]} Bd7 {[%clk 00:29:01]} {[%emt 00:01:15]} 31.
Ba4 {[%clk 00:31:35]} {[%emt 00:01:13]} a6 {[%clk 00:28:47]} {[%emt 00:00:19]}
32. Qf3 {[%clk 00:31:06]} {[%emt 00:00:30]} Bxb5 {[%clk 00:28:29]} {[%emt
00:00:25]} 33. Bxb5 {[%clk 00:29:15]} {[%emt 00:01:57]} axb5 {[%clk 00:28:26]}
{[%emt 00:00:08]} 34. Qc3 {[%clk 00:27:40]} {[%emt 00:01:40]} Na6 {[%clk
00:27:28]} {[%emt 00:01:04]} 35. Nf3 {[%clk 00:27:15]} {[%emt 00:00:29]} b4
{[%clk 00:27:23]} {[%emt 00:00:10]} 36. Qc2 {[%clk 00:27:02]} {[%emt 00:00:17]}
b3 {[%clk 00:26:53]} {[%emt 00:00:36]} 37. Qc3 {[%clk 00:26:54]} {[%emt
00:00:12]} b5 {[%clk 00:26:44]} {[%emt 00:00:15]} 38. Nd4 {[%clk 00:26:31]}
{[%emt 00:00:20]} b4 {[%clk 00:26:33]} {[%emt 00:00:24]} 39. Qb2 {[%clk
00:26:13]} {[%emt 00:00:17]} Qe5 {[%clk 00:24:43]} {[%emt 00:02:01]} 40. Qa1
{[%clk 00:25:13]} {[%emt 00:01:06]} Qxe4 {[%clk 00:24:08]} {[%emt 00:00:39]}
41. f3 {[%clk 00:21:42]} {[%emt 00:03:36]} Qe3+ {[%clk 00:23:19]} {[%emt
00:00:54]} 42. Kf1 {[%clk 00:21:36]} {[%emt 00:00:11]} Qd3+ {[%clk 00:22:58]}
{[%emt 00:00:25]} 43. Ke1 {[%clk 00:21:18]} {[%emt 00:00:24]} Nc5 {[%clk
00:21:06]} {[%emt 00:01:57]} 44. Qa8+ {[%clk 00:20:13]} {[%emt 00:01:10]} Kg7
{[%clk 00:20:54]} {[%emt 00:00:16]} 45. Qa1 {[%clk 00:20:04]} {[%emt 00:00:07]}
c3 {[%clk 00:19:28]} {[%emt 00:01:38]} 46. Nc6 {[%clk 00:19:00]} {[%emt
00:01:10]} b2 {[%clk 00:18:58]} {[%emt 00:00:35]} 47. Nxb4 {[%clk 00:18:00]}
{[%emt 00:01:05]} bxa1=Q+ {[%emt 00:00:22]} 48. Kf2 {[%emt 00:00:09]} Qb2+
{[%clk 00:18:10]} {[%emt 00:00:22]} 49. Nc2 {[%clk 00:17:53]} {[%emt 00:00:10]}
Qdxc2+ {[%clk 00:18:08]} {[%emt 00:00:09]} 50. Kg3 {[%clk 00:17:35]} {[%emt
00:00:15]} Qxg2+ {[%clk 00:17:55]} {[%emt 00:00:27]} 51. Kf4 {[%clk 00:17:28]}
{[%emt 00:00:09]} Nd3+ {[%clk 00:17:45]} {[%emt 00:00:17]} 52. Ke4 {[%clk
00:17:21]} {[%emt 00:00:12]} c2 {[%clk 00:17:14]} {[%emt 00:00:37]} 53. Kxd3
{[%clk 00:17:18]} {[%emt 00:00:07]} c1=R {[%clk 00:16:38]} {[%emt 00:00:41]}
54. Ke4 {[%clk 00:17:11]} {[%emt 00:00:22]} Rc4+ {[%clk 00:16:30]} {[%emt
00:00:13]} 55. Kd5 {[%clk 00:17:08]} {[%emt 00:00:18]} Qb5+ {[%clk 00:16:11]}
{[%emt 00:00:23]} 56. Kd6 {[%clk 00:17:05]} {[%emt 00:00:09]} Qd2+ {[%clk
00:15:59]} {[%emt 00:00:17]} 57. Ke7 {[%clk 00:16:54]} {[%emt 00:00:16]} Qb7+
{[%clk 00:15:35]} {[%emt 00:00:29]} 58. Ke8 {[%clk 00:16:43]} {[%emt 00:00:16]}
Qe2+ {[%clk 00:14:56]} {[%emt 00:00:43]} 59. Kd8 {[%clk 00:16:39]} {[%emt
00:00:10]} Rd4# {[%clk 00:14:44]} {[%emt 00:00:10]} 0-1